Bibliografía sobre G.A. Bécquer y su obra / (Record no. 56403)

MARC details
000 -LEADER
campo de control de longitud fija 00737nam a2200205 i 4500
001 - NÚMERO DE CONTROL
campo de control 56403
003 - IDENTIFICADOR DE NÚMERO DE CONTROL
campo de control ES-MaACL
005 - FECHA Y HORA DE LA ÚLTIMA TRANSACCIÓN
campo de control 20250803064423.0
007 - CAMPO FIJO DE DESCRIPCIÓN FÍSICA--INFORMACIÓN GENERAL
campo de control de longitud fija t|
008 - DATOS DE LONGITUD FIJA--INFORMACIÓN GENERAL
campo de control de longitud fija 031008s1971 sp b |||| | spa d
100 1# - ENTRADA PRINCIPAL--NOMBRE DE PERSONA
Nombre de persona Díez Taboada, Juan María.
9 (RLIN) 44772
245 10 - MENCIÓN DEL TÍTULO
Título Bibliografía sobre G.A. Bécquer y su obra /
Mención de responsabilidad, etc. Juan María Díez Taboada.
260 ## - PUBLICACIÓN, DISTRIBUCIÓN, ETC.
Lugar de publicación, distribución, etc. Madrid :
Nombre del editor, distribuidor, etc. Instituto Miguel de Cervantes,
Fecha de publicación, distribución, etc. 1971.
300 ## - DESCRIPCIÓN FÍSICA
Extensión [45] p. ;
Dimensiones 22 cm.
500 ## - NOTA GENERAL
Nota general Separata de: Revista de filología española, t. LII, 1969, cuadernos 1-4, p. 651-695.
600 17 - PUNTO DE ACCESO ADICIONAL DE MATERIA--NOMBRE DE PERSONA
Nombre de persona Bécquer, Gustavo Adolfo,
Fechas asociadas al nombre 1836-1870-
Subdivisión de forma Bibliografías
Fuente del encabezamiento o término
9 (RLIN) 170130
710 2# - ENTRADA AGREGADA--NOMBRE DE ENTIDAD CORPORATIVA
Nombre de entidad corporativa o nombre de jurisdicción como elemento de entrada Instituto "Miguel de Cervantes"
9 (RLIN) 5133
852 ## - LOCALIZACIÓN
Ubicación ES-MaACL
Número de control de estantería 2107-F-2
Holdings
Estatus retirado Estado de pérdida Estado de daño No para préstamo Colección Biblioteca de origen Biblioteca actual Ubicación en estantería Fecha de adquisición Fuente de adquisición Total de préstamos Signatura topográfica completa Código de barras Visto por última vez Precio de reemplazo Tipo de ítem Koha
        Colección de folletos Biblioteca del Ateneo de Madrid Biblioteca del Ateneo de Madrid Depósito folletos 17/01/2008     2107-F-2 1059241 23/02/2023 23/02/2023 Folleto